Oxford Dictionaries Top 1000 English Words - 225 Are 4 Letters Long - Statistics

General Stats
  • This quiz has been taken 15,047 times
  • The average score is 103 of 225
Answer Stats
Words % Correct
That
78%
Love
76%
When
76%
Like
74%
What
74%
Four
73%
Then
73%
This
73%
Your
72%
Have
71%
More
71%
Take
71%
They
71%
Make
70%
Five
69%
Give
68%
Them
67%
Will
66%
Come
65%
Want
64%
Good
63%
Hear
63%
Look
63%
Time
63%
From
62%
Hand
62%
Home
62%
Live
62%
Read
62%
Call
61%
Most
60%
Than
60%
Back
59%
Ever
59%
Just
59%
Over
59%
Some
59%
With
59%
Find
58%
Head
58%
Here
58%
Walk
58%
Care
57%
Feel
57%
Into
57%
Know
57%
Last
57%
Tell
57%
Well
57%
Fall
56%
Lose
56%
Play
56%
Work
56%
Ball
55%
Book
55%
Even
55%
Sell
55%
Year
55%
Able
54%
Also
54%
Foot
54%
Stop
54%
Word
54%
Name
53%
Need
53%
Stay
53%
Food
52%
Life
52%
List
52%
Open
52%
Same
52%
Talk
52%
Face
51%
Line
51%
Long
51%
Fill
50%
Hope
50%
Pull
50%
Door
49%
Fire
49%
Girl
49%
Kill
49%
Mean
49%
Send
49%
Fast
48%
Fine
48%
Game
48%
Much
48%
Part
48%
Road
48%
Very
48%
Wall
48%
Wish
48%
Down
47%
Hard
47%
Help
47%
Hold
47%
Keep
47%
Less
47%
Many
47%
Push
47%
Real
47%
Seem
47%
Wear
47%
Band
46%
Late
46%
Show
46%
Wait
46%
Free
45%
Must
45%
Near
45%
Save
45%
Week
45%
Away
44%
Beat
44%
Each
44%
Fear
44%
Hour
44%
Kind
44%
Lead
44%
Mind
44%
Next
44%
Whom
44%
Male
43%
Meet
43%
Move
43%
Only
43%
Bank
42%
Bill
42%
Date
42%
Grow
42%
Miss
42%
Pass
42%
Star
42%
Card
41%
Case
41%
Deal
41%
Form
41%
Full
41%
Land
41%
Nice
41%
Past
41%
Plan
41%
Post
41%
Song
41%
Soon
41%
Test
41%
City
40%
Main
40%
Sale
40%
Tree
40%
Turn
40%
Body
39%
Fail
39%
Note
39%
Rest
39%
Side
39%
Base
38%
Both
38%
Cost
38%
Easy
38%
High
38%
Rise
38%
Shop
38%
Team
38%
True
38%
Fact
37%
Pick
37%
Rate
37%
Room
37%
Loss
36%
Mark
36%
Once
36%
Sign
36%
Draw
35%
Drop
35%
Join
35%
Poor
35%
Seek
35%
Sort
35%
Cell
34%
File
34%
Gain
34%
Link
34%
Step
34%
Sure
34%
Town
34%
Type
34%
Area
33%
User
33%
Wide
33%
Else
32%
Host
32%
Mass
32%
Wife
32%
Film
31%
Race
31%
Rock
31%
Goal
30%
News
30%
Role
30%
Site
30%
Such
30%
Thus
30%
View
30%
Idea
29%
Upon
29%
Vote
29%
Deep
28%
Firm
28%
Data
27%
Huge
27%
Half
26%
Lack
26%
Page
25%
Spot
25%
Fund
24%
Rule
24%
Risk
23%
Size
23%
Unit
23%
Term
22%
Drug
21%
Gene
21%
Club
20%
No matching quizzes found
Score Distribution
Percent of People with Each Score
Percentile by Number Answered
Your Score History
You have not taken this quiz